000
00288nam a2200121Ia 4500
008
191201s2012 xx 000 0 und d
100
_a
AGGARWAL,Udit
245
0
_a
Computer Graphics
260
_a
N. Delhi
_b
S .K .Kataria
_c
2012
300
_a
442
650
_a
B.Tech(CSE)
942
_2
ddc
_c
BK
999
_c
6377
_d
6377